000 00704nam a2200217Ia 4500
003 GCL
008 140319s9999 xx 000 0 ara d
040 _aGCL /
_cGCL
082 0 4 _a575.1
_bن ا
100 1 _aنسبوم، مارتا سى .
245 1 0 _aاستنساخ الانسان - الحقائق والاوهام /
_cنسبوم، مارتا سى .
700 1 _aسانشتين، كاس ر.
250 _aالاولى
260 _aالامارات :
_bدار العين للنشر ،
_c2002
300 _a368 ص ؛
_c24 سم
650 0 4 _aالوراثة
650 0 4 _aالهندسة الوراثية
650 0 4 _aالاستنساخ
650 0 4 _aالاحياء - علم
942 _2ddc
_cBK
999 _c5174
_d5174